Descripción geográfica y gobierno, administración y colonización de las colonias españolas del golfo de Guinea / (Record no. 123931)

MARC details
000 -LEADER
campo de control de longitud fija 00972nam a2200205 4500
001 - NÚMERO DE CONTROL
campo de control 123931
003 - IDENTIFICADOR DE NÚMERO DE CONTROL
campo de control ES-MaACL
005 - FECHA Y HORA DE LA ÚLTIMA TRANSACCIÓN
campo de control 20230906192258.0
007 - CAMPO FIJO DE DESCRIPCIÓN FÍSICA--INFORMACIÓN GENERAL
campo de control de longitud fija t|
008 - DATOS DE LONGITUD FIJA--INFORMACIÓN GENERAL
campo de control de longitud fija 070214s1912 sp r ||||1| spa d
100 1# - ENTRADA PRINCIPAL--NOMBRE DE PERSONA
Nombre de persona Ramos Izquierdo y Vivar, Luis.
9 (RLIN) 95325
245 10 - MENCIÓN DEL TÍTULO
Título Descripción geográfica y gobierno, administración y colonización de las colonias españolas del golfo de Guinea /
Mención de responsabilidad, etc. por Luis Ramos-Izquierdo y Vivar ; ilustrada con mapas y planos levantados y reducidos por Eduardo Navarro y Beltrán del Río, y con fotograbados de las mismas.
260 ## - PUBLICACIÓN, DISTRIBUCIÓN, ETC.
Lugar de publicación, distribución, etc. Madrid :
Nombre del editor, distribuidor, etc. [s.n.],
Fecha de publicación, distribución, etc. 1912 (
Fabricante Imp. de Felipe Peña Cruz)
300 ## - DESCRIPCIÓN FÍSICA
Extensión 355 p., [35] h. de lám., [11] h. pleg. de mapas :
Otras características físicas il. ;
Dimensiones 26 cm.
651 #0 - PUNTO DE ACCESO ADICIONAL DE MATERIA--NOMBRE GEOGRÁFICO
Nombre geográfico Guinea Ecuatorial-
Subdivisión general Descripción.
9 (RLIN) 8807
651 #4 - PUNTO DE ACCESO ADICIONAL DE MATERIA--NOMBRE GEOGRÁFICO
Nombre geográfico Guinea Ecuatorial-
Subdivisión general Geografía.
9 (RLIN) 172156
651 #4 - PUNTO DE ACCESO ADICIONAL DE MATERIA--NOMBRE GEOGRÁFICO
Nombre geográfico Guinea Ecuatorial-
Subdivisión general Administración.
9 (RLIN) 146007
700 1# - ENTRADA AGREGADA--NOMBRE PERSONAL
Nombre de persona Navarro y Beltrán del Río, Eduardo L.
9 (RLIN) 172158
852 ## - LOCALIZACIÓN
Ubicación ES-MaACL
Número de control de estantería B-4941
Holdings
Estatus retirado Estado de pérdida Estado de daño No para préstamo Biblioteca de origen Biblioteca actual Ubicación en estantería Fecha de adquisición Fuente de adquisición Total de préstamos Signatura topográfica completa Código de barras Visto por última vez Precio de reemplazo Tipo de ítem Koha
        Biblioteca del Ateneo de Madrid Biblioteca del Ateneo de Madrid Sala Pardo Bazán 17/01/2008     B-4941 1129119 23/02/2023 23/02/2023 Libro impreso